000 00885nam a22002897a 4500
001 001052784536
003 DO-SdBPM
005 20250620092141.0
007 ta
008 161205b1995 sp a |||| 00| 0 spa d
020 _a8434219298
040 _aDO-SdBPM
_bspa
_cBPMSU
_erda
082 4 _a751.49
_bC732p 1995
_222
100 1 _aComella, M. Angels
245 1 0 _aPinto y dibujo :
_bceras /
_cM. Angels Comella
264 _aBarcelona :
_bParramón,
_c1995.
300 _a31 páginas . :
_bilustraciones ;
_c31 cm.
336 _atexto
_btxt
_2rdacontent
337 _asin mediación
_bn
_2rdamedia
338 _avolumen
_bnc
_2rdacarrier
590 _aInventarido, 2025/VM
650 7 _aEncáustica (Pintura)
_xTécnicas.
650 7 _aEncáustica (Pintura)
_xEnseñanza.
710 2 _4Parramón
910 _aVMateo V. Control de calidad. BPMSU
942 _2ddc
_cBK
999 _c12349
_d12349